00382nam a2200133Ia 4500003000400000008004200004040001600046082001600062100001900078245005900097260006300156300001000219650001900229GCL140319s9999 xx 000 0 aRus d aGCL / cGCL04a892.76bN G1 aNAGUIB MAHFOUZ10aPRINCIPIO Y FIN (SPANISH LANGUAGE) / cNAGUIB MAHFOUZ a[S.N] : bTHE AMERICAN UNIVERSITY IN CAIRO PRESS ، c1988 a324 P04aNAGUIB MAHFOUZ